| 000 | 00612nam a22001937a 4500 | ||
|---|---|---|---|
| 008 | 151019b xxu||||| |||| 00| 0 eng d | ||
| 020 | _a0199635846 (hbk.) | ||
| 020 | _a0199635838 (pbk.) | ||
| 041 | 0 | _aeng | |
| 080 | _a547.1 | ||
| 245 | 0 | 0 |
_aAntisense technology : _cedited by Conrad Lichtenstein and Wolfgang Nellen. |
| 260 |
_aOxford ; _aNew York : _bIRL Press at Oxford University Press, _cc1997. |
||
| 300 |
_axxii, 303 f. : _bme il.; _c24 cm. |
||
| 650 | 0 | _aKimi | |
| 650 | 0 | _aAcidet nukleare | |
| 700 | 1 | _aLichtenstein, Conrad. | |
| 700 | 1 | _aNellen, Wolfgang. | |
| 942 |
_2udc _cBK |
||
| 999 |
_c1315 _d1315 |
||